| 000 | 00744aam a2200265 a 4500 | ||
|---|---|---|---|
| 001 | 001390489 | ||
| 003 | AR-RoUNCS | ||
| 005 | 20251028141927.0 | ||
| 008 | 170320s2016 ag dr 000 f spa d | ||
| 015 | _aAR-2016 | ||
| 020 | _a978-950-49-5130-8 | ||
| 040 |
_aAR-RoUNCS _cAR-RoUNCS |
||
| 080 | 0 | _a82-32(410.1) | |
| 100 | 1 | _aRice, James | |
| 245 | 1 | 0 |
_aAlice y la mosca / _cJames Rice. |
| 250 | _a1a ed. | ||
| 260 |
_aC.A.B.A. : _bPlaneta, _c2016. |
||
| 300 |
_a247 p. ; _c23 cm. |
||
| 500 | _aTÃtulo original: Alice and the fly / traducido por Eloy Pineda. | ||
| 650 | 4 |
_vLITERATURA INLGESA _ySIGLO XXI |
|
| 655 | 4 | _aNOVELA | |
| 700 | 1 |
_aPineda, Eloy _etr. |
|
| 751 |
_aBuenos Aires _elugar de publicación _4pup |
||
| 942 |
_2udc _cLPD |
||
| 999 |
_c654 _d654 |
||